Sports Players Quiz - Statistics

General Stats
  • This quiz has been taken 82 times
  • The average score is 13 of 16
Answer Stats
Picture Answer % Correct
Lebron James
100%
Kevin Durant
96%
Patrick Mahomes
96%
Trae Young
91%
Joe Burrow
88%
Justin Jefferson
85%
Kawhi Leonard
85%
Derrick Henry
82%
Shohei Ohtani
82%
Joel Embid
81%
Mike Trout
73%
Clayton Kershaw
71%
Fred Warner
68%
Ronald Acuna Jr
68%
Manny Machado
64%
Javier Baez
49%
No matching quizzes found
Score Distribution
Percent of People with Each Score
Percentile by Number Answered
Your Score History
You have not taken this quiz